000 00703nam a2200253Ia 4500
003 OSt
005 20221007075824.0
006 a|||||r|||| 00| 0
007 ta
008 221006b |||||||| |||| 00| 0 eng d
024 _a44,458
037 _cTextual
040 _aFLL
_cFLL
_beng
041 _2eng
_aeng
082 _aX:72g.2, Q4
100 _aPUROHIT Mahesh C.
245 0 _aOxford Handbook of tax system in India
250 _a1st
260 _aNew Delhi
_bOxford University Press India
_c2014
300 _axvii,404p.
_ccm.
700 _a PUROHIT Vishnu Kanta
942 _hX:72g.2, Q4
_cTEXL
_2CC
999 _c1157478
_d1157478